000
00287nam a22001217a 4500
020
_a
01344753x
082
_2
22
_a
005.432
100
_a
NA
245
_a
Performance tunning for Linux server /
260
_a
USA,
_b
IBM,
_c
c2005.
300
_a
xxiii, 547p. ;
_b
ill. ;
_c
24 cm.
942
_2
ddc
_c
IT
999
_c
2312
_d
2312